Valuation, insights & perspectives the Appraisal Institute magazine for informed real estate professionals.

Bibliographic Details
Format: Unknown
Language:English
Published: Chicago, IL : Appraisal Institute
Subjects:
Online Access:Acceso restringido

MARC

LEADER 00000ny a22000003n 4500
005 20110511134558.0
008 960207c20019999us qr p 0 a0eng d
022 0 |a 1087-0148 
035 |a 3014  
040 |a NSDP  |c NSDP  |d vLex 
090 |c 1682  |d 1682 
245 3 0 |a Valuation, insights & perspectives  |h [Recurso electrn̤ico]  |b the Appraisal Institute magazine for informed real estate professionals. 
246 3 |a Valuation, insights and perspectives 
246 3 |a Valuation 
256 |a Servicio en ln̕ea 
260 |a Chicago, IL :  |b Appraisal Institute 
310 |a Trimestral 
506 1 |a Contenido solo disponible en los productos indicados  |d vLex Global  |d vLex Global (Academic Edition, excluding Law Schools)  |d vLex Global (Academic Edition, Law Schools) 
650 0 4 |a Propiedad inmobiliaria  |x Derecho  |z Estados Unidos  |x Publicaciones perid̤icas 
740 0 |a vLex Revista (Servicios en ln̕ea) 
843 |a Electrn̤ica. Abierta 
853 |8 1  |i (year)  |j (month)  |k (day) 
856 4 0 |z Acceso restringido  |u http://vlex.com/account/login_ip?fuente_id=3014  
942 |c REV 
999 0 |a Real property  |v Periodicals.